| 000 | 00378cam a22001217a 4500 | ||
|---|---|---|---|
| 008 | 180718b1960 xxu||||| |||| 00| 0 eng d | ||
| 082 | _aG93x6 L846 | ||
| 245 | _aThefFuture of law in Africa: record of proceedings of the London conference, 28December 1959 - 8 January 1960 | ||
| 260 |
_aLondon _bButterworth _c1960 |
||
| 300 | _a58p. | ||
| 500 | _aRs.6.00 | ||
| 650 | _aLaw - Africa | ||
| 999 |
_c372196 _d372196 |
||